[Event "Montigny le Bretonneux Noel op 15th"]
[Site "Montigny le Bretonneux"]
[Date "2012.12.29"]
[Round "5"]
[White "Franiatte, Sylvain"]
[Black "Mongey, Alain"]
[Result "0-1"]
[WhiteElo "1429"]
[BlackElo "1667"]
[PlyCount "102"]
[EventDate "2012.12.26"]
[EventType "swiss"]
[EventRounds "7"]
[EventCountry "FRA"]
[SourceTitle "CBM 152 Extra"]
[Source "ChessBase"]
[SourceDate "2013.02.25"]
[SourceVersion "1"]
[SourceVersionDate "2013.02.25"]
[SourceQuality "1"]

1. d4 e6 2. c4 Nf6 3. Nc3 d5 4. Bg5 Be7 5. Nf3 c6 6. e3 h6 7. Bxf6 Bxf6 8. cxd5 exd5 9. Bd3 0-0 10. 0-0 Bg4 11. h3 Bh5 12. Be2 Nd7 13. Nh2 Bg6 14. Ng4 Be7 15. g3 Re8 16. Ne5 Nxe5 17. dxe5 Qc7 18. f4 Qb6 19. Qd2 Rad8 20. Na4 Qc7 21. b4 b5 22. Nc5 Bxc5 23. bxc5 a5 24. Rac1 a4 25. Qd4 Bf5 26. g4 Be4 27. Bd3 Bxd3 28. Qxd3 Qe7 29. Rfe1 Qh4 30. Kh2 Qf2+ 31. Kh1 Rd7 32. Rf1 Qg3 33. Rc2 d4 34. Rg2 Qxe3 35. Rg3 Qxd3 36. Rxd3 Rd5 37. Rc1 Kf8 38. Kg2 Ke7 39. Kf3 f6 40. exf6+ Kxf6 41. a3 g6 42. Kf2 h5 43. Kf3 h4 44. Kf2 g5 45. f5 Re4 46. Rc2 Ke5 47. Kf3 Rf4+ 48. Kg2 Ke4 49. Rd1 d3 50. Rc3 d2 51. Rc2 Ke3 0-1

[Event "Yvelines-ch"]
[Site "Fontenay le Fleury"]
[Date "2012.02.19"]
[Round "4"]
[White "Branson, James"]
[Black "Franiatte, Sylvain"]
[Result "1-0"]
[WhiteElo "1732"]
[BlackElo "1533"]
[PlyCount "59"]
[EventDate "2012.02.18"]
[EventType "swiss"]
[EventRounds "7"]
[EventCountry "FRA"]
[SourceTitle "EXT 2013"]
[Source "ChessBase"]
[SourceDate "2012.11.22"]
[SourceVersion "1"]
[SourceVersionDate "2012.11.22"]
[SourceQuality "1"]

1. e4 e5 2. f4 d6 3. Nf3 Nf6 4. Nc3 Be6 5. d4 exd4 6. Nxd4 Bg4 7. Be2 Bxe2 8. Qxe2 Nbd7 9. 0-0 Be7 10. Nf5 0-0 11. Nd5 Nxd5 12. exd5 Re8 13. Qg4 Bf6 14. Nh6+ Kh8 15. f5 Bd4+ 16. Kh1 Nf6 17. Qxd4 gxh6 18. Bxh6 Kg8 19. Bg5 Re4 20. Qxf6 Qxf6 21. Bxf6 Rae8 22. Bc3 c6 23. Rae1 cxd5 24. Rd1 Re2 25. Rxd5 Rxc2 26. Rxd6 Kf8 27. f6 Re4 28. Rd8+ Re8 29. Bb4+ Kg8 30. Rxe8# 1-0

[Event "Yvelines-ch"]
[Site "Fontenay le Fleury"]
[Date "2012.02.19"]
[Round "3"]
[White "Mottet, Andre"]
[Black "Franiatte, Sylvain"]
[Result "1-0"]
[WhiteElo "1560"]
[BlackElo "1533"]
[PlyCount "73"]
[EventDate "2012.02.18"]
[EventType "swiss"]
[EventRounds "7"]
[EventCountry "FRA"]
[SourceTitle "EXT 2013"]
[Source "ChessBase"]
[SourceDate "2012.11.22"]
[SourceVersion "1"]
[SourceVersionDate "2012.11.22"]
[SourceQuality "1"]

1. c4 e5 2. Nc3 Nf6 3. g3 Bc5 4. Bg2 0-0 5. e4 Nc6 6. Nge2 d6 7. a3 Ng4 8. 0-0 a6 9. h3 Nf6 10. d3 Nd4 11. Nxd4 Bxd4 12. Be3 Bxe3 13. fxe3 c6 14. b4 Be6 15. Qe2 d5 16. exd5 cxd5 17. Rad1 Rb8 18. c5 d4 19. Ne4 Nxe4 20. dxe4 Bb3 21. Rd2 Qg5 22. exd4 exd4 23. Rf3 Rbd8 24. Rxb3 Rfe8 25. Rbd3 a5 26. Qg4 Qe7 27. Rxd4 axb4 28. Rxd8 Rxd8 29. Rxd8+ Qxd8 30. axb4 h6 31. e5 b6 32. c6 b5 33. Qd7 Qb6+ 34. Kh2 f6 35. e6 h5 36. e7 Kf7 37. e8Q# 1-0

[Event "Montigny le Bretonneux Noel op 14th"]
[Site "Montigny le Bretonneux"]
[Date "2011.12.26"]
[Round "1.16"]
[White "Couradin, Bruno"]
[Black "Franiatte, Sylvain"]
[Result "1-0"]
[WhiteElo "1760"]
[BlackElo "1390"]
[PlyCount "91"]
[EventDate "2011.12.26"]
[EventType "swiss"]
[EventRounds "7"]
[EventCountry "FRA"]
[SourceTitle "EXT 2014"]
[Source "ChessBase"]
[SourceDate "2013.11.20"]
[SourceVersion "1"]
[SourceVersionDate "2013.11.20"]
[SourceQuality "1"]

1. c4 e5 2. e3 Bb4 3. a3 Bc5 4. b4 Bd6 5. Bb2 Nf6 6. c5 Be7 7. Bxe5 d6 8. cxd6 cxd6 9. Bb2 0-0 10. Nf3 Bg4 11. Be2 Nc6 12. Nc3 Ne5 13. Nxe5 Bxe2 14. Nxe2 dxe5 15. Bxe5 Bd6 16. Bb2 Ng4 17. Nf4 Bxf4 18. Qxg4 Bh6 19. d4 a5 20. 0-0 b6 21. b5 Rc8 22. Rac1 Re8 23. Rc6 Rb8 24. Rxh6 Qd5 25. Rh5 Qa2 26. Qe2 Rec8 27. Ra1 Qxa1+ 28. Bxa1 Rc1+ 29. Qf1 Rxf1+ 30. Kxf1 Rc8 31. Ke2 Rc1 32. Rd5 h6 33. Rd6 Rxa1 34. Rxb6 Rxa3 35. Ra6 Ra2+ 36. Kf3 a4 37. b6 Rb2 38. Ke4 Rb5 39. d5 Kf8 40. d6 Ke8 41. Kd4 Kd7 42. Kc4 Kc6 43. b7+ Rb6 44. Rxb6+ Kxb6 45. b8Q+ Kc6 46. Qc7# 1-0